Ragging: (Record no. 38996)

MARC details
000 -LEADER
fixed length control field 00942nam a22002537a 4500
008 - FIXED-LENGTH DATA ELEMENTS--GENERAL INFORMATION
fixed length control field 081212t xxu||||| |||| 00| 0beng d
010 ## - LCCN (DPL NO)
LC control number ENG-97904
020 ## - INTERNATIONAL STANDARD BOOK NUMBER
Terms of availability 395.00
International Standard Book Number 9788190953238
035 ## - SYSTEM CONTROL NUMBER
System control number EN-81437
037 ## - SOURCE OF ACQUISITION
Source of stock number/acquisition DBAD / PUB
040 ## - CATALOGING SOURCE
Original cataloging agency dpl
Language of cataloging English
082 ## - DEWEY DECIMAL CLASSIFICATION NUMBER
Classification number 378.19810954
100 ## - MAIN ENTRY--PERSONAL NAME
Personal name Gulshan Naveen
9 (RLIN) 3724
245 ## - TITLE STATEMENT
Title Ragging:
Statement of responsibility, etc by Gulshan Naveen
Remainder of title the red alert /
260 ## - PUBLICATION, DISTRIBUTION, ETC. (IMPRINT)
Place of publication, distribution, etc New Delhi
Name of publisher, distributor, etc Standard Publishers
Date of publication, distribution, etc 2010
270 ## - ADDRESS
Address 225, Gupta Place, A-2/42, Rojouri Garden Main Road (Near Metro Ststion)
City New Delhi
Postal code 110027
300 ## - PHYSICAL DESCRIPTION
Extent 216p.
Dimensions 22cm (Hb)
600 ## - SUBJECT ADDED ENTRY--PERSONAL NAME
Personal name Baba Visakha Singh
General subdivision Biography.
9 (RLIN) 3725
650 ## - SUBJECT ADDED ENTRY--TOPICAL TERM
Topical term or geographic name as entry element Hazing
9 (RLIN) 5127
650 ## - SUBJECT ADDED ENTRY--TOPICAL TERM
Topical term or geographic name as entry element Student- legal status
9 (RLIN) 5193
700 ## - ADDED ENTRY--PERSONAL NAME
9 (RLIN) 4917
942 ## - ADDED ENTRY ELEMENTS (KOHA)
Source of classification or shelving scheme Dewey Decimal Classification
Item type English Books
Call number suffix GUL
Classification part 378.19810954
Holdings
Withdrawn status Lost status Source of classification or shelving scheme Damaged status Not for loan Collection code Home library Current library Date acquired Source of acquisition Cost, normal purchase price Total Checkouts Full call number Barcode Date last seen Copy number Cost, replacement price Koha item type
    Dewey Decimal Classification   Not For Loan Non-fiction D.B.Act.Division D.B.Act.Division 03/08/2010 DBAD/PUB 395.00   378.19810954 GUL EN-81437 03/08/2010 1 395.00 English Books

© Delhi Public Library
Hit Counter
free hit counter